[Event "RUS-ch 62nd"]
[Site "Moscow"]
[Date "2009.12.21"]
[Round "2"]
[White "Khismatullin, Denis Rimovich"]
[Black "Svidler, Peter"]
[Result "0-1"]
[WhiteElo "2643"]
[BlackElo "2754"]
[Annotator "Krasenkow,M"]
[PlyCount "88"]
[EventDate "2009.12.20"]
[EventType "tourn"]
[EventRounds "9"]
[EventCountry "RUS"]
[EventCategory "18"]
[SourceTitle "CBM 134"]
[Source "ChessBase"]
[SourceDate "2010.01.18"]
[SourceVersion "1"]
[SourceVersionDate "2010.01.18"]
[SourceQuality "1"]

1. d4 Nf6 2. c4 g6 3. g3 c6 4. Bg2 d5 5. cxd5 cxd5 6. Nf3 Bg7 7. Nc3 O-O 8. Ne5
e6 9. O-O Nfd7 10. f4 Nc6 11. Be3 Nb6 12. Bf2 Ne7 {An old, well-forgotten line,
which hardly promises White any advantage.} 13. Rc1 {Other options:} (13. a4) (
13. e4) (13. Qb3) 13... Bd7 14. e4 {White opens up the centre before Black
consolidates his position. The other plans are quite harmless:} (14. Nxd7 Qxd7
15. e4 dxe4 16. Nxe4 Nbd5 17. Nc5 {1/2 Skalik,P (2345)-Kaminski,M (2450)/
Polanica Zdroj 1993/EXT 1997}) (14. Qb3 $5 Bc6 15. Rfd1 (15. a4 Nbc8 16. Rfd1
Nd6 17. e3 a6 18. Na2 Qd7 19. Nxc6 Nxc6 20. Nb4 Na5 21. Qa2 Qe7 22. b3 Rfc8 23.
Be1 Nf5 24. Kf2 {1/2 Ribli,Z (2610)-Hellers,F (2560)/Tilburg 1993/CBM 039})
15... Nf5 $5 (15... Nbc8 $143 16. Nxc6 bxc6 17. Na4 Nd6 18. Nc5 Qb6 19. Qc2
Rfc8 20. e3 Rc7 21. g4 $14 {1-0 Vescovi,G (2475)-Pierrot,J (2400)/Mar del
Plata 1996/CBM 051 ext (77)})) (14. b3 Bc6 15. Qd2 Nbc8 16. Rfd1 Nd6 17. g4 Rc8
18. Bh4 Be8 19. e3 f6 20. Nd3 b6 $11 {1/2 Wang Lei (2290)-Foisor,C (2345)/
Kishinev 1995/EXT 1997 (55)}) (14. g4 Rc8 15. e3 Nc4 $1 (15... f6 16. Nd3 Nc4
17. e4 dxe4 18. Nxe4 Nd5 19. Qe2 b6 20. f5 $36 {1/2 Beliavsky,A (2650)-Smirin,
I (2630)/Novosibirsk 1995/CBM 050 (54)}) 16. Qe2 Nd6 17. Bh4 f6 18. Nd3 b6 19.
a4 Bc6 20. a5 Qd7 21. axb6 axb6 22. Nb4 Bb7 23. Ra1 Nc6 24. Nxc6 {1/2 Lugovoi,
A (2500)-Svidler,P (2650)/St Petersburg 1996/CBM 056}) (14. h3 Nf5 15. b3 Nd6
16. a4 Rc8 17. Rc2 f6 18. Nd3 f5 19. Qa1 Bc6 20. Rfc1 a6 21. e3 Nd7 22. Be1 Re8
23. Ne2 Ne4 $11 {1/2 Karpov,A (2735)-Peng Xiaomin (2535)/Beijing 1998/EXT 1999
(41)}) (14. Qd3 Rc8 15. g4 Bc6 16. Bg3 Nc4 17. b3 Nd6 18. e3 f6 19. Nxc6 Rxc6
20. Na4 f5 $11 {1-0 Lomako,P (2417)-Kashlinskaya,A (2344)/Serpukhov RUS 2009/
The Week in Chess 763 (36)}) (14. e3 Rc8 15. b3 Rc7 16. Qd2 Qb8 17. Rc2 Rfc8
18. Rfc1 Be8 19. g4 a6 20. h3 Nd7 21. Nd3 b6 22. Ne2 Rxc2 23. Rxc2 Rxc2 24.
Qxc2 Qc8 25. Qxc8 {1/2 Drasko,M (2543)-Popovic,D (2557)/Vogosca 2007/CBM 118
ext}) 14... Be8 (14... dxe4 {is quite possible, too:} 15. Nxe4 {[%cal Ye4c5]} (
15. Bxe4 Bc6 16. Nxc6 bxc6 17. Qd3 Rc8 18. Rfd1 Nbd5 19. Na4 Qa5 20. b3 Rfd8
21. Rc5 Qc7 22. Rdc1 Qb8 $11 {[%csl Gd5] 1/2 Beim,V (2570)-Smirin,I (2615)/Tel
Aviv 1996/CBM 052 ext (36)}) 15... Bc6 (15... Nbd5 16. Qb3 Bc6 17. Rfd1 Qb6 {
1/2 Akhmilovskaya,E (2415)-Pupols,V (2240)/Seattle 1995/EXT 1997 (24)} 18. Qa3
$5) 16. Nxc6 bxc6 $1 $11 {Black is not concerned about his c6 pawn as White's
d4 pawn is even weaker.} 17. Ng5 $6 Nbd5 18. Nf3 Qa5 19. a3 Rab8 20. Qe2 Rb3
21. Ne5 Rfb8 22. Rc2 Qb5 $1 $15 {0-1 Cyborowski,L (2425)-Kaminski,M (2535)/
Ksiaz 1998/CBM 063 ext (40)}) 15. Qb3 a5 $5 16. Rfd1 (16. exd5 Nbxd5 17. Nxd5
Nxd5 18. Qxb7 (18. Rc5 a4 $1) 18... Rb8 19. Qa7 Rxb2 $132) 16... dxe4 17. d5 $5
{A spectacular break but Black has enough resources to defend.} (17. Bxe4 Ned5
$1 $11 18. Nxd5 $140 exd5 {[%cal Re8a4,Rd5e4]}) 17... Nbxd5 (17... Nexd5 18.
Bxe4 (18. Bc5 f5 $1 19. Bxf8 Bxf8 $17) (18. Nxd5 Nxd5 $11) 18... a4 $1 19. Qa3
Bxe5 20. fxe5 Bc6 $13) 18. Nxd5 $6 (18. Nxe4 $142 $44 Bc6 $140 19. Bc5) 18...
exd5 $1 (18... Nxd5 19. Bxe4 Bc6 $1 20. Nxc6 bxc6 {[%cal Ra8b8] leads to
equality but Black wants more!}) 19. Bb6 $6 (19. Bxe4 Bc6 $15) 19... Qb8 20.
Bc5 a4 $1 {[%mdl 256]} 21. Qc3 (21. Qa3 Nc6 22. Rxd5 (22. Bxf8 Bxf8 $19) 22...
Nxe5 23. fxe5 Bc6 $19) 21... Qc7 (21... Nc6 $142 $1 22. Bxf8 (22. Rxd5 Nxe5 23.
fxe5 Bc6 $1 24. Bxf8 Bxd5 25. Bxg7 Kxg7 $17) 22... Bxf8 23. Ng4 (23. Rxd5 Nb4
$17) 23... Qa7+ 24. Kh1 Bg7 25. Nf6+ Bxf6 26. Qxf6 Nb4 {[%cal Rb4d3]} 27. Rc7
a3 $17) 22. Ba3 $2 {Black now simply keeps his material advantage. With the
black queen on c7, White could have won the exchange by means of} (22. Qa3 Nc6
23. Rxd5 Nxe5 24. fxe5 Bc6 25. Bxf8 {[%cal Gc1c7] although after} Rxf8 26. Qxa4
Bxe5 {Black obtained an excellent compensation: a bishop pair and strong
central pawns.}) 22... Bc6 $19 23. Bxe7 Qxe7 24. Nxc6 bxc6 25. Qxc6 Bxb2 26.
Rb1 a3 27. Qxd5 Rfe8 {[%csl Ra2,Ge4] Black's passed e4 pawn decides the game,
especially as White has a second serious weakness: the a2 pawn.} 28. Re1 Rad8
29. Qc4 {Here and later, the e4-pawn is taboo:} (29. Rxe4 $2 Qa7+ 30. Kh1 Rxd5
31. Rxe8+ Kg7 32. Bxd5 Qd7 $19) 29... Rd2 $1 30. Kf1 (30. Rxe4 $2 Rxg2+) (30.
Bxe4 $2 Qa7+ 31. Kh1 Qf2) 30... Qd7 31. Re2 (31. Rxe4 $2 Rc8 32. Qb3 Rcc2 $19)
31... Rd4 32. Qb3 Kg7 33. Kg1 Rd3 34. Qc4 Bd4+ 35. Kh1 Rc8 36. Qb4 e3 37. Be4
Bc5 38. Qb5 Qxb5 39. Rxb5 Rd2 40. Bf3 Bd4 41. Rd5 Rcc2 42. Rxd2 Rxd2 43. g4
Rxa2 $1 44. Rxd4 e2 0-1

[Event "Astrakhan FIDE GP"]
[Site "Astrakhan"]
[Date "2010.05.16"]
[Round "6"]
[White "Svidler, Peter"]
[Black "Leko, Peter"]
[Result "1/2-1/2"]
[WhiteElo "2735"]
[BlackElo "2735"]
[Annotator "Marin,M"]
[PlyCount "56"]
[EventDate "2010.05.10"]
[EventType "tourn"]
[EventRounds "13"]
[EventCountry "RUS"]
[EventCategory "20"]
[SourceTitle "CBM 137"]
[Source "ChessBase"]
[SourceDate "2010.07.15"]
[SourceVersion "1"]
[SourceVersionDate "2010.07.15"]
[SourceQuality "1"]

1. e4 e5 2. Nf3 Nc6 3. Bb5 Nf6 4. O-O Nxe4 5. d4 Nd6 6. Bxc6 dxc6 7. dxe5 Nf5
8. Qxd8+ Kxd8 9. Nc3 Ke8 10. h3 h5 $5 {A radical way of slowing down White's
kingside expansion.} 11. Bg5 Be6 12. Rfd1 Be7 13. g3 $146 {Preventing ...h4.} (
13. Ne2 Bd5 14. Bxe7 Bxf3 15. gxf3 Kxe7 16. Rd3 Rad8 17. Rad1 Rxd3 18. Rxd3 Ke6
$11 {Black has blocked the kingside and even can display certain ambitions in
the endgame. In Klovans,J (2465)-Gorbatow,A (2350)/Schwarzach 1999/EXT 2000 
(1-0, 58) he eventually went too far and lost, but this has little to do with
the outcome of the opening.}) (13. Rd2 Rd8 14. Rad1 Rxd2 15. Rxd2 Bxg5 16. Nxg5
Ke7 17. b3 h4 {Black has achieved an optimal kingside configuration.} 18. Nce4
Bc8 19. f4 b6 20. Kf2 a5 21. c4 f6 22. Nf3 Be6 $132 {Ibarra Jerez,J (2517)
-Delorme,A (2434)/Pamplona 2009/CBM 131 Extra (1/2, 36)}) 13... Rd8 14. Rxd8+
Kxd8 15. Rd1+ Ke8 16. Bf4 Bb4 17. Ne2 Bd5 18. Nfd4 Nxd4 19. Nxd4 Be4 20. f3 Bg6
21. Kg2 Ke7 22. c3 Bc5 23. Bg5+ f6 24. Be3 Bxd4 25. Bxd4 b6 $11 {The resence
of oposite-coloured bishops ensure Black a draw.} 26. exf6+ gxf6 27. Be3 Rd8
28. Rxd8 Kxd8 1/2-1/2

[Event "FRA Cup qf"]
[Site "Marseilles"]
[Date "2010.06.12"]
[Round "1"]
[White "Svidler, Peter"]
[Black "Benitah, Yohan"]
[Result "1-0"]
[WhiteElo "2735"]
[BlackElo "2385"]
[PlyCount "71"]
[EventDate "2010.06.12"]
[EventType "team-match"]
[EventRounds "1"]
[EventCountry "FRA"]
[SourceTitle "CBM 136 Extra"]
[Source "ChessBase"]
[SourceDate "2010.07.02"]
[SourceVersion "2"]
[SourceVersionDate "2010.07.15"]
[SourceQuality "1"]

1. e4 c5 2. Nf3 d6 3. d4 cxd4 4. Nxd4 Nf6 5. Nc3 a6 6. h3 e5 7. Nde2 Be6 8. g4
Be7 9. Bg2 Nbd7 10. Ng3 Nb6 11. Nf5 O-O 12. O-O Ne8 13. Nxe7+ Qxe7 14. b3 Rc8
15. Ne2 Nd7 16. a4 Nc7 17. a5 Nb8 18. c4 Rfd8 19. f4 exf4 20. Bxf4 Nc6 21. Qd2
Rd7 22. Rad1 Ne8 23. Bg5 f6 24. Be3 Bf7 25. Nf4 Nc7 26. g5 fxg5 27. Nd5 Nxd5
28. exd5 Nxa5 29. Rxf7 Kxf7 30. Bxg5 Qe5 31. Re1 Qg3 32. Qe2 Kg6 33. Bd2 Rf7
34. Qe4+ Rf5 35. Rf1 Rcf8 36. Rf3 1-0

[Event "Copenhagen sim1"]
[Site "Copenhagen"]
[Date "2010.07.30"]
[Round "?"]
[White "Baerentsen, Brian Christer"]
[Black "Svidler, Peter"]
[Result "0-1"]
[WhiteElo "2111"]
[BlackElo "2734"]
[PlyCount "96"]
[EventDate "2010.07.30"]
[EventType "simul"]
[EventRounds "1"]
[EventCountry "DEN"]
[SourceTitle "CBM 137 Extra"]
[Source "ChessBase"]
[SourceDate "2010.09.01"]
[SourceVersion "1"]
[SourceVersionDate "2010.09.01"]
[SourceQuality "1"]

1. d4 Nf6 2. Nf3 g6 3. g3 c5 4. Bg2 cxd4 5. O-O Bg7 6. Nxd4 O-O 7. e4 Nc6 8. c3
d5 9. exd5 Nxd5 10. Nxc6 bxc6 11. Qa4 Qc7 12. c4 Nb6 13. Qxc6 Qxc6 14. Bxc6 Rb8
15. Na3 Be6 16. Re1 Rfd8 17. c5 Nd7 18. Bf4 Rbc8 19. Bxd7 Rxd7 20. Be5 Rxc5 21.
Bxg7 Kxg7 22. b4 Rc3 23. Nb5 Rc4 24. Rad1 a6 25. Rxd7 Bxd7 26. Na3 Rxb4 27. Nb1
e5 28. Nc3 Rc4 29. Nd5 Bc6 30. Rd1 Rc5 31. Ne3 Bf3 32. Rb1 f5 33. Ng2 Be4 34.
Ra1 Rc2 35. Ne3 Rb2 36. Nc4 Rb1+ 37. Rxb1 Bxb1 38. Nxe5 Bxa2 39. f4 a5 40. Kf2
a4 41. Ke2 a3 42. Kd2 Bb3 43. Kc3 a2 44. Kb2 Kf6 45. Nd3 Ke7 46. Nc1 Bc4 47.
Nxa2 Bxa2 48. Kxa2 Kd6 0-1

[Event "Copenhagen sim1"]
[Site "Copenhagen"]
[Date "2010.07.30"]
[Round "?"]
[White "Bostrup, Thomas"]
[Black "Svidler, Peter"]
[Result "0-1"]
[WhiteElo "2017"]
[BlackElo "2734"]
[PlyCount "48"]
[EventDate "2010.07.30"]
[EventType "simul"]
[EventRounds "1"]
[EventCountry "DEN"]
[SourceTitle "CBM 137 Extra"]
[Source "ChessBase"]
[SourceDate "2010.09.01"]
[SourceVersion "1"]
[SourceVersionDate "2010.09.01"]
[SourceQuality "1"]

1. d4 Nf6 2. c4 g6 3. Nc3 d5 4. cxd5 Nxd5 5. e4 Nxc3 6. bxc3 Bg7 7. Bb2 O-O 8.
Nf3 c5 9. Qc2 cxd4 10. cxd4 Nc6 11. e5 Be6 12. Bc4 Bd5 13. Bxd5 Qxd5 14. O-O e6
15. Rfd1 Rac8 16. Qb3 Qxb3 17. axb3 Rfd8 18. Ng5 Rd5 19. Ne4 Rcd8 20. Nd6 Rd7
21. f4 Bf8 22. Ne4 Be7 23. Re1 h5 24. Bc3 a6 0-1

[Event "Copenhagen sim1"]
[Site "Copenhagen"]
[Date "2010.07.30"]
[Round "?"]
[White "Guttulsrud, Odd Martin"]
[Black "Svidler, Peter"]
[Result "0-1"]
[WhiteElo "2073"]
[BlackElo "2734"]
[PlyCount "62"]
[EventDate "2010.07.30"]
[EventType "simul"]
[EventRounds "1"]
[EventCountry "DEN"]
[SourceTitle "CBM 137 Extra"]
[Source "ChessBase"]
[SourceDate "2010.09.01"]
[SourceVersion "1"]
[SourceVersionDate "2010.09.01"]
[SourceQuality "1"]

1. e4 c5 2. Nf3 e6 3. d4 cxd4 4. Nxd4 Nc6 5. Nc3 a6 6. Nxc6 bxc6 7. Bd3 d5 8.
O-O Nf6 9. Re1 Be7 10. e5 Nd7 11. Qg4 g6 12. Bh6 Rb8 13. a3 Rxb2 14. Qf4 Qa5
15. Re3 g5 16. Qf3 Nxe5 17. Rxe5 Qxc3 18. Rae1 Rb1 19. Rxb1 Qxe5 20. h4 Qf4 21.
Qxf4 gxf4 22. Rb8 Kd7 23. Bxa6 e5 24. Ra8 Re8 25. Be2 Kc7 26. Ra7+ Bb7 27. Ba6
Rb8 28. h5 Kb6 29. Bxb7 Kxa7 30. Bxc6 Rb1+ 31. Kh2 Rd1 0-1

[Event "Copenhagen sim1"]
[Site "Copenhagen"]
[Date "2010.07.30"]
[Round "?"]
[White "Kragh, Niels Kristian"]
[Black "Svidler, Peter"]
[Result "1/2-1/2"]
[WhiteElo "2169"]
[BlackElo "2734"]
[PlyCount "41"]
[EventDate "2010.07.30"]
[EventType "simul"]
[EventRounds "1"]
[EventCountry "DEN"]
[SourceTitle "CBM 137 Extra"]
[Source "ChessBase"]
[SourceDate "2010.09.01"]
[SourceVersion "1"]
[SourceVersionDate "2010.09.01"]
[SourceQuality "1"]

1. e4 c5 2. Nf3 d6 3. d4 cxd4 4. Nxd4 Nf6 5. Nc3 a6 6. h3 e5 7. Nde2 h5 8. Be3
Nbd7 9. g3 b5 10. Bg2 Bb7 11. O-O Be7 12. a4 b4 13. Nd5 Nxd5 14. exd5 a5 15. c4
bxc3 16. Nxc3 Ba6 17. Nb5 h4 18. Qg4 Nf6 19. Qxg7 Rh7 20. Qg5 Rh5 21. Qg7
1/2-1/2

[Event "Copenhagen sim1"]
[Site "Copenhagen"]
[Date "2010.07.30"]
[Round "?"]
[White "Lund, Martin"]
[Black "Svidler, Peter"]
[Result "1/2-1/2"]
[WhiteElo "2092"]
[BlackElo "2734"]
[PlyCount "42"]
[EventDate "2010.07.30"]
[EventType "simul"]
[EventRounds "1"]
[EventCountry "DEN"]
[SourceTitle "CBM 137 Extra"]
[Source "ChessBase"]
[SourceDate "2010.09.01"]
[SourceVersion "1"]
[SourceVersionDate "2010.09.01"]
[SourceQuality "1"]

1. d4 Nf6 2. Nf3 g6 3. b3 Bg7 4. Bb2 O-O 5. e3 d6 6. Be2 e5 7. dxe5 Nfd7 8. c4
dxe5 9. Qc2 Nc6 10. O-O f5 11. Rd1 Qe8 12. Ba3 e4 13. Nd4 Rf7 14. c5 Nde5 15.
Nxc6 bxc6 16. Bb2 Be6 17. Nd2 Bd5 18. Nc4 Qe7 19. Nxe5 Bxe5 20. Bxe5 Qxe5 21.
Qd2 a5 1/2-1/2

[Event "Copenhagen sim1"]
[Site "Copenhagen"]
[Date "2010.07.30"]
[Round "?"]
[White "Mortensen, Henrik"]
[Black "Svidler, Peter"]
[Result "0-1"]
[WhiteElo "2003"]
[BlackElo "2734"]
[PlyCount "74"]
[EventDate "2010.07.30"]
[EventType "simul"]
[EventRounds "1"]
[EventCountry "DEN"]
[SourceTitle "CBM 137 Extra"]
[Source "ChessBase"]
[SourceDate "2010.09.01"]
[SourceVersion "1"]
[SourceVersionDate "2010.09.01"]
[SourceQuality "1"]

1. e4 c6 2. d4 d5 3. exd5 cxd5 4. Bd3 Nc6 5. c3 Qc7 6. Nf3 Nf6 7. Bg5 Ne4 8.
Bh4 Bf5 9. Na3 a6 10. O-O e6 11. Nc2 b5 12. Ne3 Bg6 13. Re1 Bd6 14. Bg3 Ne7 15.
Bxd6 Nxd6 16. Ne5 Bxd3 17. Qxd3 f6 18. Nf3 O-O 19. Rac1 Rfe8 20. Re2 Ng6 21. g3
Qf7 22. b3 Rac8 23. c4 bxc4 24. bxc4 dxc4 25. Nxc4 Red8 26. Rec2 Nf5 27. Nb6
Rxc2 28. Rxc2 Qb7 29. Qb3 Kf7 30. Rd2 Nge7 31. Na4 Qxb3 32. axb3 Nc6 33. Nc5 a5
34. Ra2 Nfxd4 35. Nxd4 Rxd4 36. Nb7 Rd5 37. Rc2 Nd4 0-1

[Event "Copenhagen sim1"]
[Site "Copenhagen"]
[Date "2010.07.30"]
[Round "?"]
[White "Nielsen, Rene O"]
[Black "Svidler, Peter"]
[Result "0-1"]
[WhiteElo "2158"]
[BlackElo "2734"]
[PlyCount "58"]
[EventDate "2010.07.30"]
[EventType "simul"]
[EventRounds "1"]
[EventCountry "DEN"]
[SourceTitle "CBM 137 Extra"]
[Source "ChessBase"]
[SourceDate "2010.09.01"]
[SourceVersion "1"]
[SourceVersionDate "2010.09.01"]
[SourceQuality "1"]

1. e4 e5 2. Nf3 Nc6 3. Bc4 Nf6 4. d3 Bc5 5. O-O d6 6. c3 a6 7. b4 Ba7 8. Bg5 h6
9. Be3 Bxe3 10. fxe3 O-O 11. Qe1 d5 12. exd5 Nxd5 13. Na3 Be6 14. Nc2 Re8 15.
Rd1 Qe7 16. Bb3 Rad8 17. Ba4 b5 18. Bb3 Nb6 19. Na1 e4 20. Nd4 Nxd4 21. exd4
exd3 22. Rxd3 Bc4 23. Qxe7 Rxe7 24. Bxc4 bxc4 25. Rdf3 Re2 26. Rxf7 Nd5 27.
R7f3 Rxa2 28. h3 Re8 29. Rg3 Re3 0-1

[Event "Copenhagen sim1"]
[Site "Copenhagen"]
[Date "2010.07.30"]
[Round "?"]
[White "Svidler, Peter"]
[Black "Dyrgaard, Kristoffer"]
[Result "1-0"]
[WhiteElo "2734"]
[BlackElo "2254"]
[PlyCount "47"]
[EventDate "2010.07.30"]
[EventType "simul"]
[EventRounds "1"]
[EventCountry "DEN"]
[SourceTitle "CBM 137 Extra"]
[Source "ChessBase"]
[SourceDate "2010.09.01"]
[SourceVersion "1"]
[SourceVersionDate "2010.09.01"]
[SourceQuality "1"]

1. e4 c5 2. Nf3 Nc6 3. Bb5 Nf6 4. Bxc6 dxc6 5. d3 g6 6. h3 Bg7 7. Nc3 O-O 8.
Be3 Nd7 9. Qd2 e5 10. Bh6 Qe7 11. O-O-O b5 12. Ne2 a5 13. h4 a4 14. h5 c4 15.
Bxg7 Kxg7 16. dxc4 a3 17. b3 bxc4 18. Qd6 Qxd6 19. Rxd6 cxb3 20. cxb3 Ra5 21.
h6+ Kg8 22. Rhd1 Nb6 23. Rxc6 Nd7 24. Nc3 1-0

[Event "Copenhagen sim1"]
[Site "Copenhagen"]
[Date "2010.07.30"]
[Round "?"]
[White "Svidler, Peter"]
[Black "Ginderskov, Henrik"]
[Result "1-0"]
[WhiteElo "2734"]
[BlackElo "1793"]
[PlyCount "57"]
[EventDate "2010.07.30"]
[EventType "simul"]
[EventRounds "1"]
[EventCountry "DEN"]
[SourceTitle "CBM 137 Extra"]
[Source "ChessBase"]
[SourceDate "2010.09.01"]
[SourceVersion "1"]
[SourceVersionDate "2010.09.01"]
[SourceQuality "1"]

1. d4 Nf6 2. c4 e6 3. Nf3 Bb4+ 4. Nbd2 O-O 5. a3 Bxd2+ 6. Qxd2 d5 7. e3 c6 8.
Bd3 Nbd7 9. Qc2 Qe7 10. b3 e5 11. dxe5 Nxe5 12. Nxe5 Qxe5 13. Bb2 Qe7 14. cxd5
cxd5 15. Rc1 h6 16. Qc7 Qe6 17. O-O Ne8 18. Qg3 Bd7 19. a4 f5 20. Bd4 Rf7 21.
f3 Nf6 22. Rc7 Bc6 23. Rxf7 Kxf7 24. Qf4 Bd7 25. Rc1 g5 26. Qg3 Bc6 27. b4 b6
28. Qc7+ Bd7 29. Qb7 1-0

[Event "Copenhagen sim1"]
[Site "Copenhagen"]
[Date "2010.07.30"]
[Round "?"]
[White "Svidler, Peter"]
[Black "Greger, Roland"]
[Result "1-0"]
[WhiteElo "2734"]
[BlackElo "2389"]
[PlyCount "79"]
[EventDate "2010.07.30"]
[EventType "simul"]
[EventRounds "1"]
[EventCountry "DEN"]
[SourceTitle "CBM 137 Extra"]
[Source "ChessBase"]
[SourceDate "2010.09.01"]
[SourceVersion "1"]
[SourceVersionDate "2010.09.01"]
[SourceQuality "1"]

1. e4 e6 2. d4 d5 3. Nc3 Nf6 4. e5 Nfd7 5. f4 c5 6. Nf3 Nc6 7. Be3 cxd4 8. Nxd4
Bc5 9. Qd2 a6 10. O-O-O Nxd4 11. Bxd4 Qc7 12. Qe3 b5 13. Bd3 Bb7 14. Ne2 O-O-O
15. h4 f6 16. Bxc5 Qxc5 17. Nd4 Rdf8 18. Rde1 fxe5 19. fxe5 Qb6 20. Rhf1 h6 21.
h5 Rxf1 22. Rxf1 Rf8 23. Rxf8+ Nxf8 24. Qf4 Nd7 25. Be2 Kb8 26. Bg4 Nc5 27. Kd1
Bc8 28. Qf8 b4 29. Ke2 a5 30. Ke3 Qc7 31. Kf4 Nd7 32. Qxg7 Qc4 33. Ke3 Qf1 34.
Nxe6 d4+ 35. Kxd4 Qf2+ 36. Kd5 Qxg2+ 37. Kd6 Qxc2 38. Qxh6 Qd3+ 39. Ke7 Nb6 40.
Nc5 1-0

[Event "Copenhagen sim1"]
[Site "Copenhagen"]
[Date "2010.07.30"]
[Round "?"]
[White "Svidler, Peter"]
[Black "Kryger, Oksana"]
[Result "1/2-1/2"]
[WhiteElo "2734"]
[BlackElo "2149"]
[PlyCount "37"]
[EventDate "2010.07.30"]
[EventType "simul"]
[EventRounds "1"]
[EventCountry "DEN"]
[SourceTitle "CBM 137 Extra"]
[Source "ChessBase"]
[SourceDate "2010.09.01"]
[SourceVersion "1"]
[SourceVersionDate "2010.09.01"]
[SourceQuality "1"]

1. e4 e6 2. d4 d5 3. Nc3 Nf6 4. e5 Nfd7 5. f4 c5 6. Nf3 Nc6 7. Be3 a6 8. Ne2
cxd4 9. Nexd4 Nc5 10. Be2 Be7 11. O-O Qc7 12. c4 dxc4 13. Bxc4 O-O 14. Nxc6
Qxc6 15. Rc1 Qe4 16. Qe2 b5 17. b4 bxc4 18. bxc5 Bxc5 19. Rfe1 1/2-1/2

[Event "Copenhagen sim1"]
[Site "Copenhagen"]
[Date "2010.07.30"]
[Round "?"]
[White "Svidler, Peter"]
[Black "Nilsson, Lars Kjoller"]
[Result "1-0"]
[WhiteElo "2734"]
[BlackElo "2017"]
[PlyCount "43"]
[EventDate "2010.07.30"]
[EventType "simul"]
[EventRounds "1"]
[EventCountry "DEN"]
[SourceTitle "CBM 137 Extra"]
[Source "ChessBase"]
[SourceDate "2010.09.01"]
[SourceVersion "1"]
[SourceVersionDate "2010.09.01"]
[SourceQuality "1"]

1. e4 c5 2. Nf3 d6 3. d4 cxd4 4. Nxd4 Nf6 5. Nc3 e6 6. g4 h6 7. Bg2 Nc6 8. h3
Qc7 9. f4 Bd7 10. Be3 Be7 11. Qd2 Nxd4 12. Bxd4 Bc6 13. O-O-O O-O 14. g5 hxg5
15. fxg5 Nd7 16. h4 Ne5 17. Ne2 d5 18. Qc3 Bd6 19. exd5 exd5 20. Nf4 Rfe8 21.
Nxd5 Bxd5 22. Bxd5 1-0

[Event "Copenhagen sim1"]
[Site "Copenhagen"]
[Date "2010.07.30"]
[Round "?"]
[White "Svidler, Peter"]
[Black "Rydstrom, Tom"]
[Result "1/2-1/2"]
[WhiteElo "2734"]
[BlackElo "1803"]
[PlyCount "60"]
[EventDate "2010.07.30"]
[EventType "simul"]
[EventRounds "1"]
[EventCountry "DEN"]
[SourceTitle "CBM 137 Extra"]
[Source "ChessBase"]
[SourceDate "2010.09.01"]
[SourceVersion "1"]
[SourceVersionDate "2010.09.01"]
[SourceQuality "1"]

1. d4 d5 2. c4 e6 3. Nf3 Nf6 4. g3 Nbd7 5. Bg2 Be7 6. O-O O-O 7. Qc2 b6 8. b3
Bb7 9. Rd1 Rc8 10. Nc3 c5 11. dxc5 Rxc5 12. Nd4 a6 13. Bb2 Re8 14. Qd2 Qa8 15.
Ba3 Rcc8 16. Bxe7 Rxe7 17. cxd5 Nxd5 18. Nxd5 Bxd5 19. Nf5 exf5 20. Bxd5 Qb8
21. Qd3 g6 22. Qxa6 Nc5 23. Qb5 f4 24. Rac1 fxg3 25. hxg3 Rce8 26. Bf3 h5 27.
Rd4 Re5 28. Qc4 Ne6 29. Rd5 Ng5 30. Bg2 b5 1/2-1/2

[Event "Copenhagen sim1"]
[Site "Copenhagen"]
[Date "2010.07.30"]
[Round "?"]
[White "Treppendahl, Trine"]
[Black "Svidler, Peter"]
[Result "1/2-1/2"]
[WhiteElo "2009"]
[BlackElo "2734"]
[PlyCount "53"]
[EventDate "2010.07.30"]
[EventType "simul"]
[EventRounds "1"]
[EventCountry "DEN"]
[SourceTitle "CBM 137 Extra"]
[Source "ChessBase"]
[SourceDate "2010.09.01"]
[SourceVersion "1"]
[SourceVersionDate "2010.09.01"]
[SourceQuality "1"]

1. d4 Nf6 2. Nf3 g6 3. Bf4 Bg7 4. e3 O-O 5. c4 c5 6. Be2 cxd4 7. exd4 d5 8. Nc3
Nc6 9. O-O Be6 10. c5 Ne4 11. Qa4 Bg4 12. Rad1 e6 13. h3 Bxf3 14. Bxf3 f5 15.
Nb5 Rf7 16. Nd6 Nxd6 17. Bxd6 Qh4 18. Bg3 Qf6 19. Be5 Nxe5 20. dxe5 Qd8 21. Qd4
a5 22. a3 a4 23. Rfe1 Bf8 24. Rc1 Qa5 25. Re2 Rc7 26. Rec2 Rac8 27. Qb4 1/2-1/2

[Event "Copenhagen sim1"]
[Site "Copenhagen"]
[Date "2010.07.30"]
[Round "?"]
[White "Vedelfort, Tommy"]
[Black "Svidler, Peter"]
[Result "0-1"]
[WhiteElo "1924"]
[BlackElo "2734"]
[PlyCount "82"]
[EventDate "2010.07.30"]
[EventType "simul"]
[EventRounds "1"]
[EventCountry "DEN"]
[SourceTitle "CBM 137 Extra"]
[Source "ChessBase"]
[SourceDate "2010.09.01"]
[SourceVersion "1"]
[SourceVersionDate "2010.09.01"]
[SourceQuality "1"]

1. d4 Nf6 2. Bg5 d5 3. e3 Nbd7 4. Nd2 h6 5. Bh4 c5 6. c3 Qb6 7. Qc1 e5 8. Ne2
Bd6 9. f3 O-O 10. Bf2 Qc7 11. Ng3 Re8 12. Be2 b6 13. O-O Nf8 14. Re1 Ng6 15. e4
Bb7 16. Bb5 Rec8 17. Nf5 exd4 18. Nxd6 Qxd6 19. e5 Nxe5 20. Bg3 dxc3 21. Qxc3
c4 22. Qe3 Qc5 23. Bxe5 Qxb5 24. Bxf6 gxf6 25. Qxh6 Qxb2 26. Nf1 Rc6 27. Ng3 f5
28. Qg5+ Rg6 29. Qxf5 Qf6 30. Qd7 Bc6 31. Qc7 d4 32. Re7 d3 33. Rd1 b5 34. Kf1
Re8 35. Rxe8+ Bxe8 36. Re1 Bc6 37. Qc8+ Kh7 38. Ne4 Bxe4 39. Rxe4 d2 40. Qh3+
Kg7 41. Qd7 Qa1+ 0-1